000 00713nam a2200265Ia 4500
003 OSt
005 20221007070933.0
006 a|||||r|||| 00| 0
007 ta
008 221006b |||||||| |||| 00| 0 eng d
020 _a8171771394
024 _a8,653
037 _cTextual
040 _aFLL
_cFLL
_beng
041 _2eng
_aeng
082 _aZ2,2674, P2
100 _aNarayanan P. Au.
245 0 _aLaw of copyright and industrial designs
250 _a3rd
260 _aKolkata
_bEastern law house India
_c2002
300 _a1049p
_ccm.
650 _aCopyright In Industrial Designs
_9687963
942 _hZ2,2674, P2
_cTEXL
_2CC
999 _c1141926
_d1141926